Gaming Quiz

Random Gaming or City Quiz

Ticket to Ride Board Quiz Stats

Quiz Updated Oct 10, 2015

Challenge
Share
Tweet
Score 0/36 Timer 05:00
0 Plays Today
% Correct
New York
92.1%
Miami
90.4%
Seattle
89.8%
Los Angeles
89%
Chicago
86.9%
Dallas
86.1%
San Francisco
85.8%
Houston
85%
Las Vegas
84.5%
New Orleans
83.1%
Atlanta
83%
Denver
83%
Boston
82.6%
Vancouver
82.1%
Portland
81.3%
Phoenix
81.1%
Toronto
79.8%
Salt Lake City
78.8%
% Correct
Oklahoma City
75.3%
Washington
73.8%
Kansas City
73.6%
Nashville
73.3%
Pittsburgh
72.8%
St. Louis
71.8%
Montreal
71.5%
Little Rock
67.2%
Santa Fe
65%
Raleigh
64.7%
Charleston
60.3%
El Paso
60%
Calgary
59.9%
Helena
58.3%
Omaha
51.8%
Winnipeg
51.3%
Sault St. Marie
31.3%
Duluth
29%

You're not logged in!

Compare scores with friends on all Sporcle quizzes.
Sign Up with Email
OR
Log In

You Might Also Like...

Show Comments

Extras

Top Quizzes Today


Score Distribution

Your Account Isn't Verified!

In order to create a playlist on Sporcle, you need to verify the email address you used during registration. Go to your Sporcle Settings to finish the process.